[Event "LSS No Engine Cup 212 Preliminary 0"]
[Site "LSS email"]
[Date "2021.01.05"]
[Round "?"]
[White "Herzog, Klaus"]
[Black "Mcdaniel, Curtis"]
[Result "1/2-1/2"]
[WhiteElo "2186"]
[BlackElo "2080"]
[PlyCount "34"]
[EventDate "2021.01.05"]
[EventType "tourn (corr)"]
[EventRounds "6"]
[EventCountry "GER"]
[SourceTitle "Corr 2022"]
[Source "ChessBase"]
[SourceDate "2021.10.24"]
[SourceVersion "1"]
[SourceVersionDate "2021.10.24"]
[SourceQuality "1"]

1. d4 Nf6 2. c4 e6 3. Nc3 Bb4 4. f3 d6 5. e4 0-0 6. Nge2 c5 7. d5 exd5 8. cxd5 a6 9. Ng3 Re8 10. a3 Ba5 11. Be2 Nbd7 12. 0-0 b5 13. Be3 c4 14. Bf2 Bb6 15. a4 Rb8 16. axb5 axb5 17. b4 Ne5 1/2-1/2

[Event "LSS No Engine Cup 212 Preliminary 0"]
[Site "LSS email"]
[Date "2021.01.05"]
[Round "?"]
[White "Mcdaniel, Curtis"]
[Black "Cruz Ramirez, Eliecer"]
[Result "1/2-1/2"]
[WhiteElo "2080"]
[BlackElo "1990"]
[PlyCount "36"]
[EventDate "2021.01.05"]
[EventType "tourn (corr)"]
[EventRounds "6"]
[EventCountry "GER"]
[SourceTitle "Corr 2022"]
[Source "ChessBase"]
[SourceDate "2021.10.24"]
[SourceVersion "1"]
[SourceVersionDate "2021.10.24"]
[SourceQuality "1"]

1. e4 c5 2. d4 cxd4 3. c3 dxc3 4. Nxc3 Nc6 5. Nf3 e6 6. Bc4 a6 7. 0-0 b5 8. Bb3 Bb7 9. Nd5 Na5 10. Bg5 f6 11. Ne5 exd5 12. Qh5+ g6 13. Nxg6 hxg6 14. Qxg6+ Ke7 15. exd5 Qb6 16. Rfe1+ Kd8 17. Re8+ Kc7 18. Bf4+ Bd6 1/2-1/2

[Event "LSS No Engine Cup 212 Preliminary 0"]
[Site "LSS email"]
[Date "2021.01.05"]
[Round "?"]
[White "Mcdaniel, Curtis"]
[Black "Heiser, Jerome"]
[Result "1-0"]
[WhiteElo "2080"]
[BlackElo "765"]
[PlyCount "39"]
[EventDate "2021.01.05"]
[EventType "tourn (corr)"]
[EventRounds "6"]
[EventCountry "GER"]
[SourceTitle "Corr 2022"]
[Source "ChessBase"]
[SourceDate "2021.10.24"]
[SourceVersion "1"]
[SourceVersionDate "2021.10.24"]
[SourceQuality "1"]

1. e4 e5 2. Nf3 Nc6 3. d4 exd4 4. Bc4 h6 5. 0-0 Bc5 6. c3 d6 7. cxd4 Bb6 8. h3 Qe7 9. Nc3 a6 10. Nd5 Qd7 11. Nxb6 cxb6 12. d5 Na5 13. Qd4 Nf6 14. Bd3 0-0 15. Bxh6 b5 16. b3 Re8 17. Rfe1 Qe7 18. e5 dxe5 19. Rxe5 Qd6 20. Rg5 1-0

[Event "LSS No Engine Cup 211 Preliminary 0"]
[Site "LSS email"]
[Date "2020.12.15"]
[Round "?"]
[White "Mcdaniel, Curtis"]
[Black "Kreuchauf, Olaf"]
[Result "1-0"]
[WhiteElo "2078"]
[BlackElo "1600"]
[PlyCount "92"]
[EventDate "2020.12.15"]
[EventType "tourn (corr)"]
[EventRounds "6"]
[EventCountry "GER"]
[SourceTitle "Corr 2024"]
[Source "ChessBase"]
[SourceDate "2023.10.19"]
[SourceVersion "1"]
[SourceVersionDate "2023.10.19"]
[SourceQuality "1"]

1. e4 c6 2. d4 d5 3. f3 Qb6 4. Nc3 e6 5. a3 Nd7 6. Be3 Bd6 7. Bd3 Ne7 8. Nge2 0-0 9. 0-0 e5 10. Qd2 a6 11. exd5 cxd5 12. dxe5 Bc5 13. Bxc5 Qxc5+ 14. Rf2 Nxe5 15. Re1 Nxd3 16. Qxd3 Be6 17. Nd4 Rad8 18. Rxe6 fxe6 19. Nxe6 Qb6 20. Nxf8 Kxf8 21. b3 Rc8 22. Nxd5 Nxd5 23. Qxd5 Rd8 24. Qf5+ Kg8 25. g3 Qd6 26. a4 Qc6 27. Kg2 Rf8 28. Qe4 Qxe4 29. fxe4 Re8 30. Kf3 Kf7 31. Ke3+ Ke6 32. Rf5 Rc8 33. c4 g6 34. Rd5 Rf8 35. a5 Rf1 36. Kd4 Rf2 37. Kc5 Rxh2 38. Kb6 Rb2 39. Kxb7 Rxb3+ 40. Kxa6 Rb4 41. c5 Rxe4 42. Rd6+ Kf5 43. Kb7 Rb4+ 44. Rb6 Ra4 45. a6 Kg4 46. c6 Kxg3 1-0

[Event "LSS No Engine Cup 207 Preliminary 0"]
[Site "LSS email"]
[Date "2020.09.16"]
[Round "?"]
[White "Mcdaniel, Curtis"]
[Black "De Booij, Marco"]
[Result "1-0"]
[WhiteElo "2062"]
[BlackElo "1424"]
[PlyCount "39"]
[EventDate "2020.09.16"]
[EventType "tourn (corr)"]
[EventRounds "6"]
[EventCountry "GER"]
[SourceTitle "Corr 2022"]
[Source "ChessBase"]
[SourceDate "2021.10.24"]
[SourceVersion "1"]
[SourceVersionDate "2021.10.24"]
[SourceQuality "1"]

1. e4 e5 2. Nf3 Nc6 3. d4 exd4 4. Nxd4 Nf6 5. Nxc6 bxc6 6. e5 Qe7 7. Qe2 Nd5 8. c4 Ba6 9. b3 Qe6 10. cxd5 Bxe2 11. dxe6 Bxf1 12. exd7+ Kxd7 13. Rxf1 Ke6 14. f4 Bc5 15. Nc3 Rhd8 16. f5+ Ke7 17. Bg5+ f6 18. exf6+ gxf6 19. Bxf6+ Kxf6 20. Ne4+ 1-0

[Event "LSS No Engine Cup 207 Preliminary 0"]
[Site "LSS email"]
[Date "2020.09.16"]
[Round "?"]
[White "Mcdaniel, Curtis"]
[Black "Wuttke, Bodo"]
[Result "1-0"]
[WhiteElo "2062"]
[BlackElo "2037"]
[PlyCount "83"]
[EventDate "2020.09.16"]
[EventType "tourn (corr)"]
[EventRounds "6"]
[EventCountry "GER"]
[SourceTitle "Corr 2022"]
[Source "ChessBase"]
[SourceDate "2021.10.24"]
[SourceVersion "1"]
[SourceVersionDate "2021.10.24"]
[SourceQuality "1"]

1. e4 e6 2. d4 d5 3. Nd2 c5 4. exd5 exd5 5. Bb5+ Bd7 6. Qe2+ Be7 7. dxc5 Nf6 8. Nb3 0-0 9. Nf3 Bxc5 10. Nxc5 Re8 11. Be3 Qa5+ 12. Qd2 Qxb5 13. 0-0-0 Bg4 14. h3 Bh5 15. Kb1 b6 16. Nb3 Na6 17. Nbd4 Qa4 18. Qe2 Bg6 19. a3 Re4 20. g4 Nc5 21. Nf5 Bxf5 22. gxf5 Qc4 23. Qd2 Re7 24. Rhg1 Nce4 25. Qc1 Ne8 26. h4 f6 27. h5 Qc8 28. Nh4 N4d6 29. Rxd5 Re4 30. Rh1 Qc4 31. Qd1 Rxh4 32. Rxh4 Qxh4 33. Rxd6 Qe4 34. Rd7 Qxf5 35. h6 b5 36. Re7 a5 37. Bf4 Rc8 38. Qe2 Qg6 39. Ra7 Kh8 40. Rxa5 gxh6 41. Rxb5 Ng7 42. Rb8 1-0

[Event "RA-2020-0-00667"]
[Site "LSS email"]
[Date "2020.07.31"]
[Round "?"]
[White "Billio, Maria"]
[Black "Mcdaniel, Curtis"]
[Result "1/2-1/2"]
[WhiteElo "2164"]
[BlackElo "2190"]
[PlyCount "55"]
[EventDate "2020.06.24"]
[EventType "tourn (corr)"]
[EventRounds "6"]
[EventCountry "GER"]
[SourceTitle "Corr 2022"]
[Source "ChessBase"]
[SourceDate "2021.10.24"]
[SourceVersion "1"]
[SourceVersionDate "2021.10.24"]
[SourceQuality "1"]

1. d4 d5 2. Nf3 c6 3. c4 e6 4. g3 dxc4 5. Bg2 b5 6. Ne5 Nf6 7. a4 Bb4+ 8. Nc3 Nd5 9. Bd2 0-0 10. 0-0 a5 11. axb5 Bxc3 12. bxc3 cxb5 13. Qb1 f6 14. Nf3 Bd7 15. e4 Nc7 16. Bc1 Re8 17. Rd1 Qc8 18. Bf4 a4 19. Bd6 Nc6 20. e5 Ne7 21. exf6 gxf6 22. Nd2 Ncd5 23. Qc1 Nf5 24. Ne4 Qd8 25. Ba3 Bc6 26. Re1 Qc7 27. Nc5 Qf7 28. h3 1/2-1/2

[Event "RA-2020-0-00667"]
[Site "LSS email"]
[Date "2020.07.31"]
[Round "?"]
[White "Mcdaniel, Curtis"]
[Black "Wittal, Werner"]
[Result "1/2-1/2"]
[WhiteElo "2190"]
[BlackElo "2001"]
[PlyCount "52"]
[EventDate "2020.06.24"]
[EventType "tourn (corr)"]
[EventRounds "6"]
[EventCountry "GER"]
[SourceTitle "Corr 2022"]
[Source "ChessBase"]
[SourceDate "2021.10.24"]
[SourceVersion "1"]
[SourceVersionDate "2021.10.24"]
[SourceQuality "1"]

1. e4 e5 2. Nf3 Nc6 3. d4 exd4 4. Nxd4 Nf6 5. Nxc6 bxc6 6. Bd3 d5 7. Qe2 dxe4 8. Nc3 Bb4 9. Bxe4 Bxc3+ 10. bxc3 Nxe4 11. Qxe4+ Qe7 12. Qxe7+ Kxe7 13. Bf4 Rb8 14. 0-0-0 Rb7 15. Rd4 Be6 16. Re1 Rhb8 17. Kd2 h6 18. Ra4 Rd8+ 19. Kc1 Rdb8 20. Ree4 c5 21. c4 Rb1+ 22. Kd2 Rd8+ 23. Kc3 f5 24. Re2 Rb4 25. Rxb4 cxb4+ 26. Kxb4 Rd4 1/2-1/2

[Event "RA-2020-0-00667"]
[Site "LSS email"]
[Date "2020.07.30"]
[Round "?"]
[White "Boni, Roberto"]
[Black "Mcdaniel, Curtis"]
[Result "1/2-1/2"]
[WhiteElo "2183"]
[BlackElo "2190"]
[PlyCount "34"]
[EventDate "2020.06.24"]
[EventType "tourn (corr)"]
[EventRounds "6"]
[EventCountry "GER"]
[SourceTitle "Corr 2022"]
[Source "ChessBase"]
[SourceDate "2021.10.24"]
[SourceVersion "1"]
[SourceVersionDate "2021.10.24"]
[SourceQuality "1"]

1. e4 e5 2. Nf3 Nc6 3. Bb5 Bc5 4. c3 f5 5. d4 fxe4 6. Bxc6 dxc6 7. Nxe5 Bd6 8. Qh5+ g6 9. Qe2 Bf5 10. Bf4 Nf6 11. Nd2 Qe7 12. 0-0 0-0-0 13. f3 Nd5 14. Bg3 exf3 15. Ndxf3 Rhf8 16. Rae1 Qg7 17. Qd2 a6 1/2-1/2